One piece par la lettre D - Statistiques

Statistiques générales
  • Ce quiz a été pris 274 fois
  • Le résultat moyen est 10 sur 15
Statistiques - réponses
Hint Réponse % Correct
La volonté du D
100%
Père de Luffy Dragon
100%
Le rôle de Chopper dans l'équipage Docteur
95%
A élevé Luffy Dadan
89%
Ile de Chopper Drum
87%
Ancien grand corsaire Doflamingo
85%
Géant Dorry
81%
Île du roi Riku Dressrosa
78%
Jeu entre équipages pirates, spécialité de Foxy Davy back fight
70%
Mr 1 Daz bones
67%
Un des fourreaux rouges Denjiro
57%
Sa vie a été gâchée à cause de l'avis de recherche de Sanji Duval
57%
Lui et son unité ont abattu Scarlett Diamante
37%
Hybride humain homme-poisson Dellinger
21%
Miss Merry Christmas Drophy
21%
Aucun quiz correspondant
Distribution des résultats
% des personnes avec chaque résultat
Percentile par nombre de réponses
Votre historique - résultats
Vous n’avez pas pris ce quiz